Fr. Conceicao Rodrigues College of Engineering

Testing (Record no. 25430)

MARC details
000 -LEADER
fixed length control field 00312nam a2200157Ia 4500
082 ## - DEWEY DECIMAL CLASSIFICATION NUMBER
Classification number 621.3
Item number RAO
100 ## - MAIN ENTRY--PERSONAL NAME
Personal name Rao/S.
250 ## - EDITION STATEMENT
Edition statement 5
245 ## - TITLE STATEMENT
Title Testing
260 ## - PUBLICATION, DISTRIBUTION, ETC.
Name of publisher, distributor, etc. Khanna pub.
Date of publication, distribution, etc. 1994
300 ## - PHYSICAL DESCRIPTION
Extent 1362
546 ## - LANGUAGE NOTE
Language note ENGLISH
654 ## - SUBJECT ADDED ENTRY--FACETED TOPICAL TERMS
Focus term Testing commissioning operation
942 ## - ADDED ENTRY ELEMENTS (KOHA)
Koha item type BOOK
Holdings
Withdrawn status Lost status Damaged status Not for loan Collection Home library Current library Date acquired Total Checkouts Full call number Barcode Date last seen Price effective from Koha item type
        CRC Fr. Agnel's C.Rodrigues College of Engineering Fr. Agnel's C.Rodrigues College of Engineering 17/03/2023   621.3 RAO 11647 17/03/2023 17/03/2023 BOOK